Bandas Semana Santa Málaga - Estadísticas

Estadísticas generales
  • Esta prueba ha sido intentada 57 veces
    10 desde el último reinicio
  • La puntuación promedio es 57 de 114
Estadísticas de respuestas
Hint Respuesta % Correcto
Nazareno de los Pasos en el Monte Calvario | Pollinica | Sangre AM Vera Cruz Campillos
83%
Amparo | Gracia y Esperanza | Monte Calvario | +3 others BM La Paz
83%
Cautivo | Esperanza en su Gran Amor | Milagros | +2 others CCTT Cautivo
83%
Agonía | Amor | Clemencia | +4 others CCTT Paso y Esperanza
83%
Despojado Dos Hermanas | Salutación | Sentencia | Viñeros AM San Lorenzo Mártir
67%
Esperanza Coronada | Mayor Dolor | Soledad Sepulcro BM Esperanza
67%
Crucifixión | Humildad y Paciencia | Humillación | +3 others CCTT Carmen
67%
Columna CCTT Gitanos
67%
Azotes y Columna | Hermandad y Caridad Puerto de la Torre | Huerto AM Cautivo Estepona
50%
Sagrada Cena AM Estrella Dos Hermanas
50%
Soledad Dulce Nombre AM Lágrimas de Dolores San Fernando
50%
Prendimiento AM Virgen de Gracia Archidona
50%
Expiración BM Antiguos Alumnos Expiración
50%
Amor Doloroso | Lágrimas y Favores BM Arahal
50%
Descendimiento | Dolores y Esperanza | Gracia | +2 others BM Cruz del Humilladero
50%
Angustias | Dolores Coronada | Dolores del Puente Coronada | +2 others BM Eloy García-Expiración
50%
Sepulcro BM Municipal
50%
Patrocinio Reina de los Cielos | Virgen del Mar BM Nazareno Almogía
50%
Candelaria | Mayor Dolor en su Soledad BM Nazareno de Almogía
50%
Caridad | Encarnación | Rocío Coronada BM Rocío
50%
Cristo del Perdón | Desamparados | Merced | Yacente de la Paz y la Unidad BM Santa Cecilia
50%
Traspaso y Soledad BM Santa Cecilia Sorbas
50%
Amor | Coronado de Espinas | Gran Perdón | Rosario BM Soledad de Mena
50%
Soledad Mena Coronada BM Soledad Mena
50%
Dolores Churriana | Dulce Nombre | Estrella | +4 others BM Trinidad Sinfónica
50%
Consolación y Lágrimas | Nueva Esperanza | O | +3 others BM Zamarrilla
50%
Nazareno del Perdón AM Cautivo EsteponaAM Sagrada Resurrección Sanlucar de Barrameda
33%
Rescate AM Santa Cruz Huelva
33%
Paloma BM La Pepa Alhaurín el Grande
33%
Concepción | Dolores Puerto de la Torre BM Vera Cruz Almogía
33%
Dolores de San Juan | Redención Capilla Musical
33%
Exaltación CCTT Coronación Campillos
33%
Buena Muerte Legión
33%
Dulce Resignación y Esperanza | Servitas Tambor Ronco
33%
Sed AM San Lorenzo Mártir
17%
Llaga y Buena Fe AM Vera Cruz Campillos
17%
Las Lanzas BM Cruz del Humilladero
17%
Valle BM Santa Cecilia
17%
Esperanza y Refugio BM Trinidad Sinfónica
17%
Animas de Ciegos Brigada Paracaidista
17%
Cautivo (El Tarajal) AM Encarnación Almuñecar
0%
Nazareno de la Salud AM Estrella Jaén
0%
Jesús ante Anás AM Gitanos Sevilla
0%
Verdad ante Caifás AM Jesús Nazareno La Roda de Andalucía
0%
Medinaceli AM Virgen del Mar de Almería
0%
Nazareno Churriana BM Churriana
0%
Carmen Doloroso | Sol BM Eloy García-Expiración
0%
Sagrario BM Paco Tenorio Arriate
0%
Lágrimas del Carmen | Safa-Icet BM Rincón de la Victoria
0%
Luz del Mundo CCTT Monte Calvario Martos
0%
No se encontraron pruebas coincidentes
Distribución de puntuación
Porcentaje de gente con cada puntuación
Porcentaje por número respondido
Historial de tus puntuaciones
No has intentado esta prueba desde el último reinicio